000 01552nam a22003017a 4500
005 20160520125916.0
010 _aENG-115122
020 _a9789352601998
_c1100.00
020 _a9352601998
_c1100.00
035 _aEN-98654
037 _bDBAD/PUB
082 _a621.402
100 _aCengel, Yunus A.
245 _aFundamentals of thermal-fluid sciences /
_cby Yunus A.Cengel, John M.Cimbala [and] Robert H. Turner
246 _aThermal-fluid sciences
250 _a4th ed
260 _aNew Delhi
_bMcGraw Hill Education
_c2016
270 _aP-24,Green Park Extension,
_bNew Delhi
_e110016
300 _axx,1079p. :
_bill.
_c29cm(pbk)
_e1CD-ROM
500 _aIncludes index
505 _a Basic concepts of thermodynamics -- Energy, energy transfer & general energy analysis -- Properties of pure substances -- Energy analysis of closed systems -- Mass & energy analysis of control volumes -- The second law of thermodynamics -- Entropy -- Power and refrigeration cycles -- Introduction to fluid mechanics -- Fluid statics -- Bernoulli and energy equations -- Momentum analysis of flow structures -- Internal flow -- External flow: drag and lift -- Mechanisms of heat transfer -- Steady heat conduction -- Transient heat conduction -- Forced convection -- Natural convection -- Radiation heat transfer -- Heat exchanges.
650 _a Thermodynamics.
650 _aHeat
_xTransmission.
650 _aFluid mechanics.
700 _aCimbala, John M.
700 _aTurner, Robert H.
942 _2ddc
_cEN
_mCEN
_h621.402
999 _c100023
_d100023